| 000 | 00944nam a2200229 a 4500 | ||
|---|---|---|---|
| 001 | 13832 | ||
| 003 | BD-JhCC | ||
| 005 | 20240417133803.0 | ||
| 008 | 240415b20112013bg |||| ||a| 000 0 bng d | ||
| 035 | _a(BD-JhCC)13832 | ||
| 040 |
_aBD-JhCC _dBD-JhCC |
||
| 041 | _aBengali | ||
| 082 |
_a297.74 _bSID 2013 |
||
| 100 | _a সিদ্দিকী, মাওলানা কালিম | ||
| 245 |
_aভারতীয় নওমুসলিমদের ঈমানদীপ্ত আত্মকাহিনী: _bআলোর পথে / _c মাওলানা কালিম সিদ্দিকী,অনু: মুফতী যুবায়ের আহমেদ। |
||
| 260 |
_aঢাকা: _bহিলফুল ফুযুল প্রকাশনী; _c2013. |
||
| 300 |
_a320 p. : _c22 cm. |
||
| 650 | _aIslamic | ||
| 700 | _a আহমেদ,মুফতী যুবায়ের | ||
| 942 |
_2ddc _cBK |
||
| 999 |
_c13832 _d13832 |
||